|
|
|
|
| LEADER |
00000nab a2200000 a 4500 |
| 001 |
vtls000041475 |
| 003 |
SK-MaSNL |
| 005 |
20260304050443.0 |
| 008 |
250422c1979 xo 0 slo |
| 015 |
|
|
|a SNBRB19rr/mm-uuuuu
|
| 035 |
|
|
|a CL0051570
|
| 035 |
|
|
|a urn:nbn:sk:snk-abdk8e
|
| 035 |
|
|
|a (urnnbn)urn:nbn:sk:snk:ar-00161b
|
| 035 |
|
|
|a (uuid)7252161d-2858-476f-96f6-9f4600a6643c
|
| 040 |
|
|
|a SNKBUCL
|b slo
|c SNKBUCL
|e AACR2
|
| 041 |
0 |
|
|a slo
|
| 044 |
|
|
|a xo
|c SK
|
| 080 |
|
|
|a 792
|2 1981
|
| 080 |
|
|
|a 92 Stejskal, Bohuš
|2 1981
|
| 100 |
1 |
|
|a Procházka, Jan
|4 aut
|9 294160
|
| 245 |
1 |
0 |
|a Bohuš Stejskal
|c Jan Procházka
|
| 300 |
|
|
|b Obr. 1.
|
| 650 |
0 |
7 |
|a Stejskal, Bohuš
|2 snkbucl
|9 1331594
|
| 655 |
|
7 |
|a články z novín a časopisov
|2 snkbucl
|9 267496
|
| 773 |
0 |
|
|t Film a divadlo
|g Roč. 23, č. 19 (1979), s. 2
|
| 850 |
|
|
|a Slovenská národná knižnica
|
| 852 |
|
|
|a Slovenská národná knižnica
|
| 954 |
|
|
|a odborná, vedecká literatúra pôvodná (slovenská)
|2 lita
|
| 958 |
|
|
|a article19
|
| 958 |
|
|
|a OND
|
| 958 |
|
|
|a RK
|
| 958 |
|
|
|a CZ
|
| 958 |
|
|
|a SK
|
| 958 |
|
|
|a EUIPO
|
| 992 |
|
|
|a RBX
|
| 999 |
|
|
|c 2698331
|d 2700261
|